| 000 | 01354cam a2200373 a 4500 | ||
|---|---|---|---|
| 001 | 000081673 | ||
| 003 | CHAP | ||
| 005 | 20240813124216.0 | ||
| 008 | 990621d1998 mx ab r 00110 spa d | ||
| 010 | _a78352 | ||
| 011 | _a79324 | ||
| 035 | _a89540 | ||
| 040 | _cCHAP | ||
| 082 | 0 | 4 |
_a551.5 _bV53 |
| 100 | 1 | 0 |
_aVidal Bello, Juan _9119222 |
| 245 | 1 | 0 |
_aLecturas selectas de meteorología / _c/por Juan Vidal Bello [y otros]. |
| 260 |
_aChapingo, Méx. : _bUACH. Departamento de Preparatoria Agrícola, _c1998. |
||
| 300 |
_a212 h. : _bilus. ; gráfs. ; mapas. |
||
| 590 |
_aBATCH-UPD _b10 _c20130110 _lUCH01 _h1702 |
||
| 590 |
_aBATCH-UPD _b10 _c20130410 _lUCH01 _h1049 |
||
| 590 |
_aBATCH-UPD _b10 _c20130914 _lUCH01 _h1815 |
||
| 590 |
_aCONVERSION _b10 _c20130109 _lUCH01 _h1343 |
||
| 590 |
_aE5995AHE _b05 _c20150223 _lUCH01 _h1148 |
||
| 650 | 1 | 4 | _aMeteorología. |
| 901 | _aBK | ||
| 905 | _aAlejandra Carrasco M. | ||
| 942 | _cLIBRO | ||
| 942 | _n0 | ||
| 949 |
_a551.5 V53 _bBC _cLIBRO _d33724000730362 _eLIBRO _h95802 _i89540 _si |
||
| 949 |
_a551.5 V53 _bBC _cLIBRO _d33724000821203 _eLIBRO _fc.3 _h95804 _i89540 _si |
||
| 949 |
_a551.5 V53 _bBC _cLIBRO _d33724000880985 _eLIBRO _fc.2 _h95803 _i89540 _si |
||
| 949 |
_a551.5 V53 _bBC _cLIBRO _d33724000881603 _eLIBRO _fc.4 _h95805 _i89540 _si |
||
| 949 |
_a551.5 V53 _bBC _cUACH _d33724000730255 _eUACH _fc.5 _h95806 _i89540 _sb |
||
| 999 |
_c78352 _d78352 |
||